000 00378nam a22001577a 4500
003 MPLRDC
005 20220104174735.0
008 210129b ||||| |||| 00| 0 eng d
082 _a524.957 HOCK
100 _aT.F. HOCK
245 _aMATEMATIK PRINSIPAL KERTAS I DAN II
_c
260 _a
_bBTC PUBLISHING HOUSE
_c
300 _b
650 _a
942 _cBK
_o524.957 HOCK
999 _c60012
_d60002